<?xml version="1.0" encoding="UTF-8"?><?xml-stylesheet type="text/xsl" href="static/style.xsl"?><OAI-PMH xmlns="http://www.openarchives.org/OAI/2.0/" xmlns:xsi="http://www.w3.org/2001/XMLSchema-instance" xsi:schemaLocation="http://www.openarchives.org/OAI/2.0/ http://www.openarchives.org/OAI/2.0/OAI-PMH.xsd"><responseDate>2026-04-14T03:19:52Z</responseDate><request verb="GetRecord" identifier="oai:www.recercat.cat:10230/57946" metadataPrefix="marc">https://recercat.cat/oai/request</request><GetRecord><record><header><identifier>oai:recercat.cat:10230/57946</identifier><datestamp>2025-12-23T20:54:10Z</datestamp><setSpec>com_2072_6</setSpec><setSpec>col_2072_452954</setSpec></header><metadata><record xmlns="http://www.loc.gov/MARC21/slim" xmlns:dcterms="http://purl.org/dc/terms/" xmlns:xsi="http://www.w3.org/2001/XMLSchema-instance" xmlns:doc="http://www.lyncode.com/xoai" xsi:schemaLocation="http://www.loc.gov/MARC21/slim http://www.loc.gov/standards/marcxml/schema/MARC21slim.xsd">
   <leader>00925njm 22002777a 4500</leader>
   <datafield ind2=" " ind1=" " tag="042">
      <subfield code="a">dc</subfield>
   </datafield>
   <datafield ind2=" " ind1=" " tag="720">
      <subfield code="a">Garcés de Marcilla Lappin, Iraïs</subfield>
      <subfield code="e">author</subfield>
   </datafield>
   <datafield ind2=" " ind1=" " tag="260">
      <subfield code="c">2023-09-22T17:11:50Z</subfield>
   </datafield>
   <datafield ind2=" " ind1=" " tag="260">
      <subfield code="c">2023-09-22T17:11:50Z</subfield>
   </datafield>
   <datafield ind2=" " ind1=" " tag="260">
      <subfield code="c">2023-09-22</subfield>
   </datafield>
   <datafield ind2=" " ind1=" " tag="520">
      <subfield code="a">Tutors: Dr. Gustavo Deco, Yonatan Sanz.&#xd;
Treball de fi de grau en Biomèdica</subfield>
   </datafield>
   <datafield ind2=" " ind1=" " tag="520">
      <subfield code="a">Psychosis can be described as an alteration in brain connectivity that leads to an&#xd;
impairment of cognition and the speed at which the information gets processed,&#xd;
what causes a diversity of psychiatric symptoms. This symptomatology is characterized by changes in the brain activity in certain areas, which can be detected&#xd;
by Functional Magnetic Resonance Imaging (fMRI) as it registers changes in the&#xd;
brain associated with blood flow, and this allows us to measure brain activity and&#xd;
connectivity between regions. Furthermore, the state of these alterations may differ&#xd;
between patients depending on the severity of their condition and the number of&#xd;
episodes they have had or may suffer. This study focuses on the use of the connectivity and structural information extracted from fMRIs and a whole-brain model to&#xd;
generate synthetic data with enough resemblance to the original dataset cases to&#xd;
train a Variational Autoencoder architecture for the creation of a low dimensional&#xd;
space in which the cases where patients have had one psychotic episode (remitting)&#xd;
or multiple (relapsing) are represented, and therefore a classification model can be&#xd;
trained to distinguish them. A dimensionality analysis has been performed to find&#xd;
the most optimal dimension of this space that allow us to distinguish between remitting and relapsing cases with high enough accuracy. Moreover, perturbations&#xd;
were introduced in the original model to generate new data which was reclassified&#xd;
in the low dimensional space to find which alterations could produce changes in the&#xd;
classification of the psychotic stage.</subfield>
   </datafield>
   <datafield tag="653" ind2=" " ind1=" ">
      <subfield code="a">Psychosis</subfield>
   </datafield>
   <datafield tag="653" ind2=" " ind1=" ">
      <subfield code="a">Psychosis relapsing</subfield>
   </datafield>
   <datafield tag="653" ind2=" " ind1=" ">
      <subfield code="a">Deep learning</subfield>
   </datafield>
   <datafield tag="653" ind2=" " ind1=" ">
      <subfield code="a">Variational autoencoder</subfield>
   </datafield>
   <datafield tag="653" ind2=" " ind1=" ">
      <subfield code="a">WholeBrain dynamics</subfield>
   </datafield>
   <datafield tag="653" ind2=" " ind1=" ">
      <subfield code="a">Classification</subfield>
   </datafield>
   <datafield ind2="0" ind1="0" tag="245">
      <subfield code="a">The use of whole-brain models and variational autoencoders for the low-dimensional representation of psychosis and its perturbational landscape</subfield>
   </datafield>
</record></metadata></record></GetRecord></OAI-PMH>